Diện mạo văn học dân gian Khơ me Sóc Trăng
Giới thiệu văn học dân gian Khơ me tỉnh Sóc Trăng. Khái niệm và phân loại truyện cổ dân gian, thơ ca, câu đố và nghệ thuật diễn xướng dân gian của người Khơ me
Đã lưu trong:
| 主要作者: | |
|---|---|
| 格式: | 圖書 |
| 語言: | Vietnamese |
| 出版: |
H.
Khoa học xã hội
2016
|
| 主題: | |
| 標簽: |
添加標簽
沒有標簽, 成為第一個標記此記錄!
|
| Thư viện lưu trữ: | Mạng thư viện Đại học Đà Nẵng |
|---|
| LEADER | 01467nam a2200349 4500 | ||
|---|---|---|---|
| 001 | 000024725 | ||
| 003 | 21214 | ||
| 005 | 20170223080257.0 | ||
| 008 | 170105s2016 viesd | ||
| 041 | 0 | |a vie | |
| 082 | 1 | 4 | |a 398.208995932 |b TR-T |
| 100 | 1 | |a Trần Minh Thương | |
| 245 | 1 | 0 | |a Diện mạo văn học dân gian Khơ me Sóc Trăng |c Trần Minh Thương |
| 260 | |a H. |b Khoa học xã hội |c 2016 | ||
| 300 | |a 326 tr. |b hình ảnh, bảng |c 21 cm. | ||
| 500 | |a ĐTTS ghi: Hội Văn nghệ dân gian Việt Nam | ||
| 504 | |a Phụ lục: tr. 215-300. - Thư mục: tr. 282-320 | ||
| 520 | 3 | |a Giới thiệu văn học dân gian Khơ me tỉnh Sóc Trăng. Khái niệm và phân loại truyện cổ dân gian, thơ ca, câu đố và nghệ thuật diễn xướng dân gian của người Khơ me | |
| 650 | 0 | 4 | |a Văn học dân gian |x Dân tộc Khơ Me |z Sóc Trăng (Việt Nam) |
| 653 | |a Dân tộc Khơ Me | ||
| 653 | |a Văn học dân gian | ||
| 653 | |a Sóc Trăng | ||
| OWN | |a LSP | ||
| AVA | |a UDN50 |b LSP |d 398.208995932 TR-T |e available |t Error 5001 Not defined in file expand_doc_bib_avail. |f 1 |g 0 |h N |i 0 |k 1 | ||
| 999 | |a From the UDN01 | ||
| AVA | |a UDN50 |b LSP |d 398.208995932 TR-T |e available |t Error 5001 Not defined in file expand_doc_bib_avail. |f 1 |g 0 |h N |i 0 |k 1 | ||
| TYP | |a Monograph | ||
| TYP | |a Printed language | ||
| 980 | |a Mạng thư viện Đại học Đà Nẵng | ||